| 000 | 00999nam a2200229 a 4500 | ||
|---|---|---|---|
| 001 | BRCA_1240 | ||
| 005 | 20190320203336.0 | ||
| 008 | 050323s2004 mx-a---##b---#000-0#spa-c | ||
| 020 | _a9685884013 | ||
| 040 |
_aCSt _cSTF _dDLC |
||
| 050 | 4 |
_aF1226.M4 _b.M57 2004 |
|
| 245 | 1 | 0 |
_aUna mirada al pasado _benseñanza y educación de la época virreinal en México _c[responsable de la edición, Roberto Aguirre Vargas ; coordinación general, Marcela Espinosa Macías]. |
| 260 |
_a[México] _bSantander Serfín _c[2004] |
||
| 300 |
_a266 p. _bil. a color _c30 cm. |
||
| 500 | _aIncluye piezas de la colección Franz Mayer: guardas portada y contraportada, detalle contraportada, p. 5, 12, 13, 32, 62, 64, 70, 74, 77, 79, 106, 155, 157, 210 y 268 | ||
| 504 | _aBibliografía: p. [261]-266 | ||
| 650 | 1 | 4 |
_aEducación _xHistoria _zMéxico _94076 |
| 651 | 4 |
_aNueva España _xVida intelectual _94077 |
|
| 700 | 1 |
_aAguirre Vargas, Roberto _94078 |
|
| 700 | 1 |
_aEspinosa Macías, Marcela _94079 |
|
| 942 |
_2lcc _cB |
||
| 999 |
_c1110 _d1110 |
||